Uncommon traveler : (Record no. 9321)

MARC details
000 -LEADER
fixed length control field 01066nam a22002897a 4500
001 - CONTROL NUMBER
control field 9321
003 - CONTROL NUMBER IDENTIFIER
control field FISKH
005 - DATE AND TIME OF LATEST TRANSACTION
control field 20251210150413.0
008 - FIXED-LENGTH DATA ELEMENTS--GENERAL INFORMATION
fixed length control field 251210b cb ||||| |||| 00| 0 eng d
020 ## - INTERNATIONAL STANDARD BOOK NUMBER
International Standard Book Number 9780618369164
040 ## - CATALOGING SOURCE
Original cataloging agency FISKH
Language of cataloging eng
Transcribing agency FISKH
Modifying agency FISKH
050 ## - LIBRARY OF CONGRESS CALL NUMBER
Classification number DT476.K56 B76
082 ## - DEWEY DECIMAL CLASSIFICATION NUMBER
Classification number 916.604
100 ## - MAIN ENTRY--PERSONAL NAME
Personal name Brown, Don
Relator term Author
245 ## - TITLE STATEMENT
Title Uncommon traveler :
Remainder of title Mary Kingsley in Africa /
Statement of responsibility, etc. Written and illustrated by Don Brown
260 ## - PUBLICATION, DISTRIBUTION, ETC.
Place of publication, distribution, etc. Boston :
Name of publisher, distributor, etc. Houghton Mifflin Company ,
Date of publication, distribution, etc. 2000
300 ## - PHYSICAL DESCRIPTION
Extent 30 unnumbered pages :
Other physical details color illustrations ;
Dimensions 26 cm
505 ## - FORMATTED CONTENTS NOTE
Formatted contents note R<br/>
520 ## - SUMMARY, ETC.
Summary, etc. A brief biography of the self-educated nineteenth-century English woman who, after a secluded childhood and youth, traveled alone through unexplored West Africa in 1893 and 1894 and learned much about the area and its inhabitants.<br/>
521 8# - TARGET AUDIENCE NOTE
Target audience note 770<br/>
Source Lexile AD <br/>
521 8# - TARGET AUDIENCE NOTE
Target audience note R<br/>
Source Raz-Plus<br/>
650 ## - SUBJECT ADDED ENTRY--TOPICAL TERM
Topical term or geographic name entry element Animals
Form subdivision Biographies
650 ## - SUBJECT ADDED ENTRY--TOPICAL TERM
Topical term or geographic name entry element Children's books
Form subdivision England
700 ## - ADDED ENTRY--PERSONAL NAME
Personal name Brown, Don
Relator term Illustrator
942 ## - ADDED ENTRY ELEMENTS (KOHA)
Source of classification or shelving scheme Dewey Decimal Classification
Koha item type Books
Suppress in OPAC No
Holdings
Withdrawn status Lost status Source of classification or shelving scheme Damaged status Not for loan Collection Home library Current library Shelving location Date acquired Total Checkouts Full call number Barcode Date last seen Copy number Price effective from Koha item type
    Dewey Decimal Classification     Juvenile Fiction Footprints International School Library Network Toul Tom Poung Campus Footprints International School Library Network Toul Tom Poung Campus TTP Primary Orange Bookshelves 12/10/2025   BRO 916.604 DT476.K56 B76 FIS02607 12/10/2025 1 12/10/2025 Books